[Event "Gibraltar Masters 8th"]
[Site "Caleta"]
[Date "2010.01.28"]
[Round "3"]
[White "Stefanova, Antoaneta"]
[Black "Vallejo Pons, Francisco"]
[Result "1/2-1/2"]
[WhiteElo "2545"]
[BlackElo "2705"]
[Annotator "CB"]
[PlyCount "76"]
[EventDate "2010.01.26"]
[EventType "swiss"]
[EventRounds "10"]
[EventCountry "GGB"]
[SourceTitle "CBM 134 Extra"]
[Source "ChessBase"]
[SourceDate "2010.03.03"]
[SourceVersion "1"]
[SourceVersionDate "2010.03.03"]
[SourceQuality "1"]

1. d4 g6 $5 {Vallejo evita la apertura Trompovsky, favorita de la excampeona
mundial} 2. e4 Bg7 3. Nc3 d6 4. f4 Nf6 5. Nf3 Nc6 {un orden poco habitual} (
5... c5) (5... O-O {son las más practicadas}) 6. d5 Nb8 7. Be2 c6 8. Be3 O-O 9.
O-O b5 10. a3 (10. dxc6 b4 11. Nd5 Nxc6 {no parece ofrecer nada a las blancas})
10... a6 11. Nd4 {una novedad en una posición muy poco explorada} ({El cambio
en c6, jugado en 1989, no parece sino conducir a una versión cómoda para las
negras de la variante del dragón.} 11. dxc6 Nxc6 12. Nd4 Bb7 13. Nxc6 Bxc6 14.
Bf3 Qc7 15. Nd5 Bxd5 16. exd5 Nd7 17. c3 Nb6 18. Qe2 Nc4 {y las negras están
bien en la partida Veroci,Z (2335)-Adamski,A (2245) Copenhagen 1989}) 11... Bb7
12. Bf3 Qc7 13. Re1 $6 {provocando la respuesta de las negras que, sin embargo,
parecen obtener con ella una posión plenamente satisfactoria.} (13. dxc6 Nxc6
14. Nxc6 Bxc6 15. Nd5 Nxd5 16. exd5 Bd7 17. c3 {conduce a la igualdad}) 13...
c5 14. Nb3 Nbd7 15. a4 b4 16. Ne2 Rfe8 $1 {Las negras planean romper con e6}
17. Nd2 e6 $1 {la sobrepobalción de piezas en la columna e crea a las blancas
muchos quebraderos de cabeza.} 18. Nc4 $6 (18. dxe6 Rxe6 19. Ng3) 18... exd5 ({
El golpe táctico} 18... Nxe4 $1 {que sugiere el ordenador es bastante difícil
de ver puesto que a} 19. Bxe4 {hay que continuar con la fantástica} Nf6 $3 {
que recupera la pieza con ventaja} 20. dxe6 Nxe4 $1 21. exf7+ Qxf7 {Pero en
una partida real una continuación así sólo se encuentra-o no- si es el único
camino; no es el caso, puesto que la jugada de las negras también parece
ofrecer una posición muy prometedora}) 19. exd5 Nb6 20. Nxb6 Qxb6 21. Qd2 Ne4
$1 22. Qd3 (22. Bxe4 Rxe4 23. Rab1 Rae8 {es bastante triste para las blancas})
22... c4 $1 {con este golpe, inesperado para Stefanova, Paco obtiene ya una
clara ventaja} 23. Qxe4 $6 (23. Bxb6 cxd3 24. Bxe4 d2 25. Red1 Rxe4 26. Rxd2
Rae8 27. Ng3 Rxf4 {y la posición es muy mala para el blanco aunque aun puede
tratar de resistir}) 23... Qxe3+ $2 {Vallejo por alguna razón no juega} (23...
Qc7 $1 {con la que las negras ganan la dama. Y después de por ejemplo} 24. Nd4
Rxe4 25. Bxe4 Qa5 {también el peón d5 y la partida}) 24. Qxe3 Rxe3 25. Kf2 Rae8
26. c3 Kf8 27. Rac1 {Aunque las blancas siguen en desventaja, lo peor ha
pasado.} bxc3 28. bxc3 Bc8 29. Red1 Bd7 30. a5 Rd3 $6 {tal vez demasiado
directo} ({es interesante} 30... Bf6 {amagando con jugar este alfil a d8 en el
momento oportuno y mantiene abiertas otras opciones}) 31. Nd4 Ba4 32. Rxd3 cxd3
33. Ra1 Bxd4+ 34. cxd4 Bc2 35. Ra2 Rb8 $6 {permite al rey blanco entra en juego
} 36. Ke3 Rb4 37. Ra3 Rc4 38. Ra2 h6 {Vallejo consciente de que ha perdido
toda la ventaja ofrece tablas. !Una lástima! porque ha dejado escapar una
magnífica oportunidad de ganar esta partida} 1/2-1/2

[Event "Bilbao Masters 9th"]
[Site "Bilbao"]
[Date "2016.07.14"]
[Round "2"]
[White "Wei, Yi"]
[Black "Carlsen, Magnus"]
[Result "0-1"]
[WhiteElo "2696"]
[BlackElo "2855"]
[Annotator "CB"]
[PlyCount "120"]
[EventDate "2016.07.13"]
[EventType "tourn"]
[EventRounds "10"]
[EventCountry "ESP"]
[EventCategory "22"]
[SourceTitle "CBM 174"]
[Source "ChessBase"]
[SourceDate "2016.09.13"]
[SourceVersion "1"]
[SourceVersionDate "2016.09.13"]
[SourceQuality "1"]

1. d4 g6 2. e4 Bg7 3. Nc3 d6 4. Be3 a6 {The Swedish GM Tiger Hillarp-Persson
wrote a voluminous book on this opening which recently appeared in a new,
revised edition.} 5. f4 b5 6. Nf3 Nd7 (6... Bb7 7. Bd3 Nf6 8. e5 Ng4 9. Bd2 c5
10. dxc5 dxe5 11. h3 Nf6 12. fxe5 Nfd7 13. e6 fxe6 14. Ng5 Nxc5 15. Qe2 Nc6 16.
Nxe6 Nxe6 17. Qxe6 Ne5 18. O-O Qd7 $11 {0-1 (50) Zelbel,P (2450)-Hillarp
Persson,T (2541) Gothenburg 2015}) 7. e5 Bb7 8. Bd3 c5 (8... Nh6 9. Qe2 Nb6 10.
O-O-O Qd7 11. h3 Nf5 12. Bf2 e6 13. Kb1 Ne7 14. Be3 Ned5 15. Nxd5 Bxd5 16. Rhf1
b4 17. g4 O-O 18. f5 Na4 {0-1 (36) Byklum, B (2275)-Hillarp Persson,T (2557)
Stockholm 2006} 19. f6 $5 $16) 9. Be4 Bxe4 (9... Qc8 10. Bxb7 Qxb7 11. dxc5
dxe5 12. Qd5 Qxd5 13. Nxd5 Rc8 14. Nb6 Nxb6 15. cxb6 Nf6 16. O-O-O Ng4 17. Rhe1
Nxe3 18. Rxe3 Bh6 $11 {0-1 (53) Mortensen,E (2450)-Hillarp Persson,T (2461)
Denmark 2003}) 10. Nxe4 Nh6 11. dxc5 dxe5 (11... Ng4) 12. c6 Nf6 13. Qxd8+ Rxd8
14. Nxf6+ exf6 15. c7 Rc8 16. Bb6 Kd7 {This kind of position should suit
Carlsen. After an early exchange of queens White's far advanced pawn on c7 is
vulnerable.} 17. Ba5 Nf5 18. O-O-O+ Kc6 {All this has been played before.} 19.
Rd8 (19. Rd3 Nd6 {and now 1/2-1/2 (19) in Tan,J (2322)-Buchal,S (2296) Haarlem
2013 - a bit premature.}) 19... Nd6 20. fxe5 fxe5 21. Rd1 Nc4 22. Bc3 Rxc7 (
22... b4 23. Bxb4 e4 24. Nd4+ Kxc7 25. Rxh8 Bxh8 26. Bc3 Be5 $11) 23. b3 Ne3
24. Bxe5 (24. R1d6+ Kb7 25. R8d7 Kc8 26. Rxc7+ Kxc7 27. Rxa6 Rc8 28. Ba5+ Kb7
29. Rb6+ Ka7 30. Rd6 Nxc2 $15) 24... Nxd1 25. Rd6+ (25. Bxc7 Nc3 26. Rxh8 Nxa2+
27. Kd2 Bc3+ 28. Kd3 Bxh8 29. Ba5 {and Black is a pawn up.}) 25... Kb7 26. Bxg7
Rg8 27. Bd4 Nc3 {At the moment Black is an exchange up - however, he has to
part with some material.} 28. Rb6+ Kc8 29. Be5 {Now White regains the exchange.
} Rd8 30. Kb2 ({But not} 30. Bxc7 $2 Kxc7 31. Rxa6 Rd1+ 32. Kb2 b4 {and White
is caught in a mating net.}) 30... Nd5 31. Bxc7 Kxc7 32. Rxa6 {Now White is a
pawn up but his rook is awkwardly placed and White has to return the pawn.} Kb7
33. Ra3 {White wants to keep his extra-pawn.} (33. Ra5 Kb6 34. b4 Nxb4 35. Ra3
$11 {leads to an equal position.}) 33... Ne3 {Typical Carlsen. Only a few
pieces remain on the board but he manages to exert enormous pressure.} 34. c4 (
{After} 34. g3 {follows} Nd1+ 35. Kc1 Nc3 {and Black again threatens} 36. Z0
Rd1+ 37. Kb2 b4 38. Ra5 Rb1#) 34... bxc4 35. Ne5 $2 {Not the best. The World
Champion will now advance his c-pawn to reach the first rank for a touchdown.}
(35. bxc4 $4 Nxc4+) (35. b4 Nd5 36. Ra5 Ne3 37. a4 Nxg2 38. Ne5 Ne3 39. Rc5 $11
) (35. Ra4 cxb3 36. Rb4+ Kc6 37. Rxb3 Nc4+ (37... Nxg2 38. Ne5+) 38. Kc2 Ra8
39. Rc3 Kb5 40. Rb3+ Kc5 41. Rc3 $11) 35... Rd2+ 36. Kc3 (36. Kc1 c3 37. Z0 {
und} Rd1#) 36... Rc2+ 37. Kd4 Nf5+ 38. Kd5 c3 39. Kc5 Nd6 $1 40. Nc6 {White is
still in the game. He threatens to win a piece with Ra7+.} (40. Kxd6 $2 Rd2+
41. Ke7 c2 {and the pawn queens.}) 40... Ne4+ ({After} 40... Kc7 41. Nb4 (41.
Ra7+ Nb7+ $19) 41... Rd2 (41... Rc1 42. Ra7+ Nb7+ 43. Kc4 c2 44. Kb5 $11) 42.
Ra6 c2 43. Rc6+ {the position is objectively (engine) won for Black but
subjectively (human) rather double-edged.} Kb7 (43... Kd7 $2 44. Kb6 {and
White stopped the pawn.}) 44. Rb6+ Ka8 (44... Ka7 $4 45. Nc6+ Ka8 46. Rb8#) 45.
Nc6 c1=Q+ {and Black queens with check.}) 41. Kb5 Kc7 42. Ra7+ Kd6 43. Ra4 $2 (
{Besser} 43. Nb4 Rxg2 44. Rxf7 Rxh2 {and White can still fight for the draw.})
43... f5 $19 44. Kb6 Rxg2 ({White threatened} 44... Z0 45. Rd4+ Ke6 46. Rxe4+
fxe4 47. Nd4+) 45. Rd4+ Ke6 46. a4 Ra2 ({Maybe it was better to play} 46... Rb2
{immediately.}) 47. a5 Rb2 48. Kc7 $5 (48. a6 c2 49. Rc4 Rxb3+ 50. Ka7 Nc3 $19)
(48. b4 Nd6 $17 (48... c2 $2 49. Rc4)) 48... Nc5 $1 (48... c2 $2 49. Rc4 $11) (
48... Rxb3 $4 49. Rxe4+ fxe4 50. Nd4+ $16) 49. Rc4 {[#]} Na6+ 50. Kb6 Rxb3+ 51.
Kxa6 Kd5 {The point. The white rook is once again in trouble.} 52. Rb4 c2 53.
Ne7+ Kc5 54. Rxb3 c1=Q 55. Rb6 Qc4+ 56. Kb7 Qe4+ 57. Nc6 Qd5 58. Kc7 Qd6+ 59.
Kb7 Qd7+ 60. Kb8 f4 0-1

[Event "EU-ch Seniors 06th"]
[Site "Davos"]
[Date "2006.08.09"]
[Round "5"]
[White "Kortschnoj, Viktor Lvovich"]
[Black "Jansa, Vlastimil"]
[Result "0-1"]
[WhiteElo "2603"]
[BlackElo "2482"]
[Annotator "Cebalo,M"]
[PlyCount "96"]
[EventDate "2006.08.05"]
[EventType "swiss"]
[EventRounds "9"]
[EventCountry "SUI"]
[SourceTitle "CBM 113 Extra"]
[Source "ChessBase"]
[SourceDate "2006.09.14"]
[SourceVersion "1"]
[SourceVersionDate "2006.09.14"]
[SourceQuality "1"]

1. Nf3 g6 2. e4 Bg7 3. d4 d6 4. c3 Nf6 5. Qc2 {White chooses a rare sideline,
consequently avoiding modern theoretic discussions.} O-O 6. Be2 c5 ({Other
possibilities for Black in this position are:} 6... c6 7. Bg5 (7. O-O Qc7 8. h3
e5 9. dxe5 dxe5 10. a4 Nh5 11. Re1 Nf4 12. Bc4 Be6 13. Na3 Bxc4 14. Nxc4 Nd7
15. Be3 Ne6 16. Rad1 Rfd8 17. a5 b5 18. axb6 Nxb6 19. Na5 Bf8 20. Rxd8 Rxd8 21.
b4 Bg7 22. Ra1 h6 23. g3 Qd7 24. Kg2 Kh8 25. Qe2 Kg8 26. Ra2 Qc7 27. Nc4 Rd7
28. Ra5 Re7 29. Ncxe5 Re8 30. Qa2 Qd6 31. Bc5 Qb8 32. Bd4 Bxe5 33. Nxe5 Qc8 34.
Rxa7 Ng5 35. g4 Rxe5 36. Bxe5 Qe8 37. Qa5 Qd8 38. Bd4 Qe8 39. Qe5 Qxe5 40. Bxe5
Nxe4 41. Bd4 {1-0 Panno,O-Gulko,B/Vina del Mar 1988.})) ({another move was
tried a long ago by Jansa but I wouldn't bet that he remembers it:} 6... Nc6 7.
O-O Re8 8. b4 a6 9. a4 e5 10. d5 Ne7 11. Ne1 c6 12. c4 Bd7 13. Nd2 Rc8 14. Qd3
cxd5 15. cxd5 Bxa4 16. Rxa4 Rxc1 17. b5 axb5 18. Qxb5 Bh6 19. Nb3 Rc7 20. Nf3
Qd7 21. Qb4 Rb8 22. Bb5 Qd8 23. Nxe5 Nexd5 24. exd5 dxe5 25. d6 Rc2 26. d7 Nxd7
27. Qd6 Nb6 28. Qxd8+ Rxd8 29. Rh4 Rb2 30. Rxh6 Rxb3 31. Be2 e4 32. g4 Rb2 33.
Bd1 Nc4 34. Rh3 Nd2 35. Re1 Rb1 36. Ree3 {0-1 Rosenlund,T-Jansa,V/Copenhagen
1983.}) (6... b6 7. Bg5 c5 8. O-O Bb7 9. d5 (9. Nbd2 cxd4 10. cxd4 Nbd7 11.
Rac1 Rc8 12. Qb1 h6 13. Bh4 Rxc1 14. Rxc1 g5 15. Bg3 Nh5 16. d5 Nxg3 17. hxg3
e6 18. dxe6 fxe6 19. Bc4 Qe7 20. b4 Kh8 21. Qb3 Rf6 22. a3 Nf8 23. e5 dxe5 24.
Qe3 Ng6 25. Ne4 Rf8 26. Bd3 g4 27. Nfd2 Bd5 28. Nc4 Nf4 29. gxf4 exf4 30. Qe1
Qh4 31. Ncd2 Bd4 32. Rc7 Bxe4 33. Nxe4 g3 34. Rd7 Qh2+ 35. Kf1 Qh1+ 36. Ke2 f3+
37. gxf3 Qxe1+ 38. Kxe1 g2 39. Rxd4 g1=Q+ 40. Ke2 Qa1 41. Rd7 Qb2+ 42. Nd2 Qxa3
43. Rh7+ Kg8 44. Rxh6 Rd8 45. Rg6+ Kf7 46. Be4 Qb2 47. Kf1 Rxd2 48. Kg1 Rxf2
49. Kh1 Rd2 {1/2-1/2 Sokolov,I-Svidler,P/Wijk aan Zee 1999 (blitz).}) 9... h6
10. Bh4 Nbd7 11. Nbd2 Re8 12. Nc4 Qc7 13. a4 e6 14. Bg3 Nxe4 15. Qxe4 exd5 16.
Qc2 dxc4 17. Bxc4 Be4 18. Qb3 Ne5 19. Nxe5 Bxe5 20. f4 Bg7 21. Rae1 Bf5 22. Bd5
Rad8 23. Bh4 Rb8 24. h3 h5 25. Qb5 Kf8 26. Qc4 Rxe1 27. Rxe1 Re8 28. Rxe8+ Kxe8
29. Qe2+ Kf8 30. g4 hxg4 31. hxg4 Bc8 32. Kf2 Bb7 33. Qe4 Bxd5 34. Qxd5 Kg8 35.
f5 gxf5 36. gxf5 Qd7 37. f6 Qg4 38. Qg5 Qxg5 39. Bxg5 Bh8 40. Kf3 Kh7 41. Ke4
Kg6 42. Bf4 Kxf6 43. Bxd6 Ke6 44. Bb8 f5+ 45. Kd3 a6 46. Ba7 Kd5 47. Bxb6 c4+
48. Ke3 Bg7 49. Kf4 Ke6 50. Kg5 Bf6+ 51. Kf4 Bg7 52. Kg5 Bf8 53. Bd4 Bd6 54.
Be3 Bg3 55. Bd4 Be1 56. Kf4 Bd2+ 57. Kf3 Bc1 58. Ke2 Bxb2 59. Kd2 Ba3 60. Ke3
Kd5 61. Kf4 Ke6 62. Kf3 Bd6 63. Ke3 Kd5 64. Kf3 Ke6 65. Ke3 Bh2 66. Kf3 Kd5 67.
Bg7 Be5 68. Bh6 Bxc3 69. Bc1 Be5 70. Ba3 c3 71. Bc1 Kc4 72. Ba3 c2 73. Bc1 Kd3
74. Ba3 f4 75. Bc1 Bd6 76. Bb2 Kd2 77. Ke4 Bc5 78. Kxf4 Bd4 79. Ba3 Kd1 80. Ke4
{1-0 Sokolov,I-Topalov,V/Wijk aan Zee 1999 (blitz).}) 7. dxc5 dxc5 8. Bf4 Nh5
9. Be3 Qc7 10. O-O Nf4 11. Bc4 Nd7 (11... Nc6 {with the idea 12...Na5 and 13...
c4 looks more active way of solving opening problems.}) 12. Re1 b6 (12... Nb6
13. Bf1 Bg4 14. Nbd2 Rad8 15. h3 Bc8 16. a4 Nd7 {looks slightly artificial but
possible as well.}) 13. Nbd2 Bb7 14. a4 a6 15. Qb3 e6 16. Rad1 Rab8 17. Bf1
Rfd8 18. Qc2 ({Another possible plan in this position was:} 18. g3 Nh5 19. Bg5
Bf6 20. Nc4 b5 21. axb5 axb5 22. Na3 Ne5 23. Nxe5 Bxg5 24. Nf3 Rxd1 25. Qxd1
Rd8 26. Qe2 Bh6 27. Nxb5 Qb6 28. Bg2 {and} Bxe4 29. Qxe4 Qxb5 {doesn't work
because of} 30. Qh4 {winning a piece.}) 18... Nf6 ({It seems like a certain
relief to exchange a pair of knights but in that case Pb6 becomes vulnerable:} 
18... Ne5 19. Nxe5 Bxe5 20. Nc4 Bg7 21. Rxd8+ Rxd8 22. Qb3 Bxe4 23. Qxb6 Qxb6
24. Nxb6 {and Black will be soon pawn down in such an endgame.}) 19. h3 Rd7 {
Diagram #} 20. Bxf4 $1 {The begining of a forced line which will bring White
good prospects in the middlegame.} Qxf4 21. e5 Ne8 22. Bd3 $1 {With the idea
to exchange Bb7 which is Black's best piece.} Rbd8 ({If Black tri es to
improve the knight which is his worst piece at the moment, White can prevent
this and keep his opening advantage:} 22... Nc7 23. c4 ({but not} 23. Be4 Nd5 {
and Black is OK.}) 23... Bxf3 24. Nxf3 Rbd8 25. Qb3 Na8 26. Re4 Qxe4 27. Bxe4
Rxd1+ 28. Kh2) 23. Be4 h5 {Black realized that after the exchange of bishops
his queen will be in serious danger and prepares the escaping route via h6.}
24. Bxb7 Rxb7 25. Re4 Qh6 26. Nc4 Rdb8 27. h4 ({The idea of the move is clear,
but it was more accurate to do some things on the other wing before that:} 27.
a5 $1 b5 ({or} 27... bxa5 28. Qa4 Rb5 29. h4 Bf8 30. Rd7 Qc1+ 31. Re1 Qf4 32.
Ng5 Qxh4 33. Nxf7 {and black king will be soon under fire.}) 28. Nb6 Bf8 29. c4
b4 30. Qa4 {where Black seems to be completely paralized.}) 27... b5 $1 {
Using the momento.} 28. Na5 Rc7 29. Ng5 Bf8 {With this move Black starts to
untangle himself.} 30. Re2 ({It was important to destroy or fix black
structure on the queenside, that's why} 30. c4 {looks to be the most accurate
move.} Be7 31. Nf3 b4 32. g3 Ng7 33. Re2 Nf5 34. Qe4 Rb6 35. Red2 {was a safe
positional way to keep the advantage.}) 30... Be7 31. f4 {Perhaps ov
erambitious considering the situation on the clock. The safe way to keep some
advantage was:} (31. Nf3 Qf4 32. Re4 Qf5 33. Qe2) 31... Ng7 32. Red2 Nf5 33.
Qe4 Nxh4 34. Nh3 $2 ({It is easy to understand that} 34. Nc6 Rxc6 35. Qxc6 Bxg5
36. fxg5 Qxg5 {Diagram (analyse)# didn't inspire White, but it was the only
consequent way to continue.}) 34... Qf8 {Now White has nothing to show for the
pawn while his king is desperately weakened.} 35. Nc6 Rbc8 36. Nxe7+ Qxe7 37.
Rd6 Nf5 (37... bxa4 38. Qxa4 Nf5 39. Rxa6 c4 {would have sealed Black's
advantage.}) 38. Rxa6 Rd7 $6 (38... bxa4 39. Qxa4 c4 {leads to the same
position from the previous comment.}) 39. Rxd7 Qxd7 40. Kh2 $2 {Missing the
last chance to save the game:} (40. axb5 Ng3 ({or} 40... Qxb5 41. Ra8 Rxa8 42.
Qxa8+ Kg7 43. Qd8 {and White has nothing to fear anymore.A perpetual check is
assured.}) 41. Qa4 Qd3 42. Ra8 Rxa8 43. Qxa8+ Kg7 44. Kh2 {.}) 40... bxa4 41.
Ng5 c4 42. Qf3 Kg7 43. Ne4 Qb7 (43... Rb8 {looks even stronger.}) 44. Rxa4 Qxb2
45. Rb4 Qc2 46. Ng5 Rc7 47. Rb8 Nh6 48. Kh3 Rd7 {And White resigned since all
black pieces are coming against his king. [ M.Cebalo ]} 0-1

[Event "Haninge"]
[Site "Haninge"]
[Date "1989.??.??"]
[Round "?"]
[White "Wedberg, Tom Birger"]
[Black "Smyslov, Vassily V"]
[Result "1-0"]
[WhiteElo "2510"]
[BlackElo "2560"]
[Annotator "ChessBase"]
[PlyCount "103"]
[EventDate "1989.??.??"]
[EventType "tourn"]
[EventRounds "11"]
[EventCountry "SWE"]
[EventCategory "13"]
[SourceTitle "CBM 013"]
[Source "ChessBase"]
[SourceDate "1989.12.01"]
[SourceVersion "1"]
[SourceVersionDate "1989.12.01"]
[SourceQuality "1"]

1. e4 d6 2. d4 g6 3. Nc3 Bg7 4. f4 a6 5. Nf3 b5 6. Bd3 e6 7. O-O Ne7 8. Be3 Nd7
9. Qe1 O-O 10. Rd1 Bb7 11. f5 exf5 12. exf5 Nd5 13. Bg5 Qe8 (13... Bxd4+ 14.
Kh1 Bf6 15. Ne4 Bxg5 16. Nfxg5 h6 17. Qh4 hxg5 18. Nxg5 N7f6 19. fxg6 fxg6 20.
Bxg6 Qe7 21. Rde1 Qg7 22. Bf5 Rfe8 (22... Bc8 23. Ne6 Bxe6 24. Bxe6+ Rf7 25.
Rf3 $40) 23. Ne6 $40) 14. Qh4 f6 15. Rde1 Qf7 16. Nxd5 Bxd5 17. Bd2 Rfe8 18. b3
Rxe1 19. Qxe1 Re8 20. Qg3 Be4 21. Bxe4 $2 (21. Ne5 dxe5 22. Bxe4 gxf5 23. Rxf5
$16) 21... Rxe4 22. fxg6 Qxg6 23. Qf2 f5 24. c3 Bf6 25. Ne1 b4 26. Qxf5 Qxf5
27. Rxf5 bxc3 28. Bxc3 c5 (28... Bxd4+ 29. Bxd4 Rxd4 30. Nf3 $14 {White's
pawns are better and Black has problems to centralize his king.}) (28... Re3
29. Bd2 Re2 30. Nf3 Bxd4+ 31. Kf1 Rf2+ 32. Ke1 Bb6 33. Rg5+ $14) 29. Nf3 cxd4
30. Bd2 Kg7 31. Rd5 Be5 32. Nxe5 Nxe5 33. Rxd6 Kf7 34. h3 Nd3 35. Rxa6 Re2 36.
Bg5 Nc5 37. Rf6+ Kg7 38. Rd6 Ne4 39. Bh6+ Kf7 40. Rxd4 Kg6 41. Bf8 Kf5 42. a4
h5 43. Rd1 Ra2 44. Bg7 Ra3 45. Ra1 Rxb3 46. a5 Ke6 47. a6 Rb8 48. a7 Ra8 49.
Bd4 Kd5 50. Be3 Nc3 51. Ra5+ Ke4 52. Bf2 1-0

[Event "Altensteig"]
[Site "Altensteig"]
[Date "1989.??.??"]
[Round "?"]
[White "Kosten, Anthony C"]
[Black "Lau, Ralf"]
[Result "0-1"]
[WhiteElo "2500"]
[BlackElo "2470"]
[Annotator "ChessBase"]
[PlyCount "90"]
[EventDate "1989.07.??"]
[EventType "tourn"]
[EventRounds "11"]
[EventCountry "GER"]
[EventCategory "10"]
[SourceTitle "CBM 014"]
[Source "ChessBase"]
[SourceDate "1990.02.01"]
[SourceVersion "1"]
[SourceVersionDate "1990.02.01"]
[SourceQuality "1"]

1. e4 d6 2. d4 g6 3. Nc3 Bg7 4. f4 c6 5. Be3 Qb6 6. Rb1 $6 {>= 6.Qd2!} Nf6 7.
Nf3 O-O 8. Bd3 e5 $1 9. fxe5 dxe5 10. Nxe5 Nxe4 $1 11. Nxf7 (11. Bxe4 Bxe5 12.
dxe5 Qxe3+) 11... Bxd4 12. Na4 Qa5+ 13. b4 Qd5 14. Bxe4 Qxe4 15. Nh6+ Kg7 16.
Qxd4+ Qxd4 17. Bxd4+ Kxh6 $17 18. Kd2 Na6 19. c3 Rd8 20. Rbe1 Nxb4 21. Re4 Bf5
22. Rh4+ Kg5 23. g3 Nc2 24. Nc5 Nxd4 25. cxd4 b6 26. Nb3 h5 27. Rf4 Re8 28.
Rhf1 Rad8 29. R1f3 a5 30. Kc3 Re2 31. Rf2 Re3+ 32. Kb2 a4 33. Rxf5+ gxf5 34.
Nd2 Rxd4 35. Nf3+ Rxf3 36. Rxf3 Rd2+ 37. Ka3 Rxh2 38. Rc3 c5 39. Rc4 h4 40.
gxh4+ Rxh4 41. Rc3 Re4 42. Rc2 f4 43. Rb2 f3 44. Rxb6 f2 45. Rb2 Re3+ 0-1

[Event "Interzonal-10a"]
[Site "Biel"]
[Date "1976.08.04"]
[Round "18"]
[White "Huebner, Robert"]
[Black "Petrosian, Tigran V"]
[Result "0-1"]
[WhiteElo "2585"]
[BlackElo "2635"]
[Annotator "ChessBase"]
[PlyCount "82"]
[EventDate "1976.07.11"]
[EventType "tourn"]
[EventRounds "19"]
[EventCountry "SUI"]
[EventCategory "12"]
[SourceTitle "IZT"]
[Source "ChessBase"]
[SourceDate "1999.07.01"]
[SourceVersion "1"]
[SourceVersionDate "1999.07.01"]
[SourceQuality "1"]

1. Nf3 g6 2. e4 Bg7 3. d4 d6 4. Bc4 e6 5. Bb3 Ne7 6. O-O O-O 7. c3 b6 8. Nbd2
Nbc6 9. Re1 Na5 10. Bc2 c5 11. Nf1 Nac6 12. Be3 Qc7 13. Rc1 e5 14. h3 Nd8 15.
N3h2 Bb7 16. Ng3 exd4 17. cxd4 Ne6 18. Bb3 d5 19. e5 Nc6 20. Ng4 Rfd8 21. dxc5
bxc5 22. Bxc5 Nxc5 23. Rxc5 Qe7 24. Qc1 Rac8 25. Nf6+ Kh8 26. Nxd5 Qf8 27. Qe3
Nxe5 28. Rxc8 Rxc8 29. Qxa7 Bxd5 30. Bxd5 Qb4 31. Re2 f5 32. Qb7 Rc1+ 33. Kh2
Qf8 34. f4 Nd3 35. Qb5 Bd4 36. Nh1 Qd6 37. g3 $2 (37. Qe8+ $142 Kg7 38. Re7+
Kh6 39. Qf8+ Bg7 40. Qxg7+ Kh5 41. Qxh7#) 37... Nxf4 38. Qe8+ Kg7 39. Re7+ $2 (
39. gxf4 $142 Qxf4+ (39... Qxd5 40. Re7+ Kh6 41. Qf8+ Kh5 42. Rxh7#) 40. Ng3
$18) 39... Kh6 40. Nf2 (40. gxf4 Qxf4+ 41. Ng3 Qf2+ 42. Bg2 Qg1#) 40... Bxf2
41. Rxh7+ Kg5 $1 (41... Kxh7 $2 42. Qg8+ Kh6 43. Qh8+ Kg5 44. Qh4#) (41... Kg5
$1 42. h4+ Kg4 43. Bf3+ Kxf3 44. Qa8+ Kg4 $19) 0-1

[Event "Bruges op"]
[Site "Bruges"]
[Date "1995.??.??"]
[Round "?"]
[White "Sepp, Olav"]
[Black "Gurevich, Mikhail"]
[Result "0-1"]
[WhiteElo "2440"]
[BlackElo "2585"]
[Annotator "ChessBase"]
[PlyCount "102"]
[EventDate "1995.12.??"]
[EventType "swiss"]
[EventRounds "9"]
[EventCountry "BEL"]
[SourceTitle "EXT 1998"]
[Source "ChessBase"]
[SourceDate "1997.11.17"]
[SourceVersion "1"]
[SourceVersionDate "1997.11.17"]
[SourceQuality "1"]

1. e4 d6 2. d4 g6 3. Nc3 c6 4. f4 d5 5. e5 h5 6. Nf3 Nh6 7. Be3 Qb6 8. Na4 Qa5+
9. c3 Qc7 $5 {TN} (9... Bg4 10. Nc5 Nf5 11. Bf2 e6 {(Blanchon-Seret Maromme
1994)} 12. Qb3 $5 (12. Nxb7 $6 Qb6 13. Qb3 Bxf3 14. gxf3 Nd7 $15 {(/\15...Rb8)}
) 12... Qb6 13. Nd2 $5 $14) 10. Be2 Bg4 11. O-O Nf5 12. Bf2 e6 13. b4 $6 (13.
b3 $5 {(/\14.c4-><<)}) 13... Nd7 14. Nc5 (14. Rb1 Nb6 15. Nxb6 axb6 16. a4 $13)
14... Nb6 $1 {[/\15...Bxf3,16...Nc4;><c4]} 15. Rb1 Bxf3 16. Bxf3 Nc4 17. Qe2 (
17. Re1 b6 18. Nd3 (18. Nb3 a5 19. bxa5 b5 $1 $15) 18... a5 $15 19. b5 $2 Na3
$17) 17... b6 18. Nd3 a5 19. g3 $5 {[/\20.h3,21.g4<=><<]} Be7 20. h3 axb4 21.
Nxb4 Kd7 $1 $15 {[/\22...Ra4,23...Rha8-><<]} 22. g4 hxg4 23. hxg4 Nh4 24. Bxh4
Rxh4 25. Bg2 Ra3 (25... Qa7 26. f5 Bxb4 27. fxe6+ fxe6 28. Rxb4 (28. Rf7+ Be7
29. Qf2 Rxg4 30. Rxe7+ (30. Qf6 Re8) 30... Kxe7 31. Qf6+ Kd7 32. Qf7+ Kc8 33.
Qe8+ Kb7 34. Qd7+ Ka6 $19)) 26. Rb3 Qa7 27. f5 gxf5 28. gxf5 Qa8 29. fxe6+ fxe6
30. Rf7 Qg8 31. Rxa3 Nxa3 32. Qf2 Rg4 33. Rf3 Nc4 34. Nd3 Qg6 35. Kh2 Qh6+ 36.
Bh3 Nd2 37. Rf4 Ne4 38. Qf1 Rg5 39. Rf3 Nd2 40. Qe2 Nxf3+ 41. Qxf3 Rg7 42. Nf2
Bg5 43. Ng4 Bf4+ 44. Kg2 Qg5 45. c4 Kc7 46. cxd5 exd5 47. Qa3 Kb7 48. Qf8 Be3
49. e6 Bxd4 50. Kf3 Bc5 51. Qh8 Qf5+ 0-1